| 000 | 00431nam a22001217a 4500 | ||
|---|---|---|---|
| 082 | _a220 PRO | ||
| 100 |
_aMuhammad Safdar Asaf Jah Muhammad Umer Farooq Muhammad Sannan Anwar _970620 |
||
| 245 | _aPR-SOF-1828-Miniaturization of Polymerase Chain Reaction | ||
| 260 |
_aISLAMABAD _bNUST COLLEGE OF EME _c2019 |
||
| 650 |
_aDE-MECH-37 _970562 |
||
| 700 |
_aSUPERVISORS Asst Prof Dr. Faisal Ahmed Lec Usama Perwez _970621 |
||
| 942 | _cCR | ||
| 999 |
_c577572 _d577572 |
||